000 00974nam a22002534a 4500
005 2009061500400.0
008 050908s2006 waua b 001 0 eng
010 _aENG-94009
020 _a9788120337725
_c195.00
035 _aEN-77542
037 _bDBAD / PUB
040 _adpl
_bEnglish
082 _a621.3661
100 _aKalisky, Yehoshua
245 _aThe physics and engineering of solid state lasers /
_cby Yehoshua Kalisky
260 _aNew Delhi
_bPHI Learning
_c2009
270 _aM-97, Connaught Circus,
_bNew Delhi
_e110001
300 _axiv, 203 p. :
_bill. ;
_c26cm(pbk)
490 _aTutorial texts series ;
_vv. TT71
504 _aIncludes bibliographical references and index.
650 _aSolid-state lasers.
942 _2ddc
_cEN
_h621.3661
_mKAL
999 _c27461
_d27461